00571nam a22001817a 4500003001100000005001700011008004100028040003900069041000800108082001300116100003700129245004300166260006000209650001000269942000700279952008800286999001500374LK-CoMWRAF20230928225038.0230928b |||||||| |||| 00| 0 eng d aLK-CoMWRAFdLK-CoMWRAFeLK-CoMWRAF aeng a297bHAQ aHaqqani, Maulana Sheikh Nazim al aIslam :bA Shelter for mankind forever aSri LankabThe council of tariqatum naqshbandhia,c1988 aIslam cBK 00104070aMAINbMAINd2023-09-28l0o297 HAQpRAF2104r2023-09-28w2023-09-28yBK c3736d3736